American International College journal of business

Detalles Bibliográficos
Título anterior:AIC journal of business.
Formato: Desconocido
Lenguaje:inglés
Publicado: Springfield, Mass. : American International College, Bureau of Business Research and Program Development
Materias:
Acceso en línea:Acceso restringido

MARC

LEADER 00000ny a22000003n 4500
005 2011051107057.0
006 s r p s a0
007 cr cnu---m|a|a
008 981014u mauar1p j 0 a0eng c
010 |a sn 98002705 
022 0 |a 1522-0419 
035 |a 2979  
040 |a WaSeSS  |d vLex 
082 1 0 |a 330  |2 13 
090 |c 1668  |d 1668 
245 0 0 |a American International College journal of business  |h [Recurso electrn̤ico] 
256 |a Servicio en ln̕ea 
260 |a Springfield, Mass. :  |b American International College, Bureau of Business Research and Program Development 
310 |a Anual 
506 1 |a Contenido solo disponible en los productos indicados  |d vLex Global  |d vLex Global (Academic Edition, excluding Law Schools)  |d vLex Global (Academic Edition, Law Schools) 
650 0 4 |a Negocios  |x Publicaciones perid̤icas 
740 0 |a vLex Revista (Servicios en ln̕ea) 
780 0 0 |t AIC journal of business. 
843 |a Electrn̤ica. Cerrada. 
853 |8 1  |i (year)  |j (month)  |k (day) 
856 4 0 |z Acceso restringido  |u http://vlex.com/account/login_ip?fuente_id=2979  
942 |c REV 
999 0 |a Business  |v Periodicals. 
999 0 |a Commerce  |v Periodicals. 
999 0 |a Management  |v Periodicals.